000 02167cam a2200253 i 4500
999 _c14344
_d14344
005 20260214095748.0
008 231109s2024 enka b 001 0 eng
020 _a9781350183797
_q(hardback)
042 _apcc
050 0 0 _aNA2543.S6
_bF73 2024
082 0 0 _a720.1/03
_223/eng/20231206
100 1 _aFrampton, Kenneth,
_eauthor.
245 1 0 _aArchitecture and the public world /
_cKenneth Frampton ; edited by Miodrag Mitrašinović.
300 _axxi, 372 pages :
_billustrations ;
_c24 cm.
490 0 _aRadical thinkers in design
504 _aIncludes bibliographical references and index.
505 2 _aThe human condition and the critical present -- Urban landscape and the eclipse of the public realm -- Cross-cultural trajectories, place creation, and the politics of counter form -- The predicament of architecture in the new millenium.
520 _a"Architecture and the Public World brings together key writings by Kenneth Frampton, the eminent architectural historian and critic, from the 1980s to the present. Articles are grouped into thematic sections representing abiding concerns of Frampton's criticism: history and critical theory; modes of criticism; the vicissitudes of urban form, and tactility, tectonics, and resistance. The volume also includes a new interview with Frampton and an essay by Clive Dilnot exploring the relevance of Frampton's thought for design history and criticism. The anthology represents Frampton's abiding concern for labor and the political dimensions of architecture, including his development of the concept of 'critical regionalism', but, in featuring writings from across the range and breadth of Frampton's career, enables a broader understanding of his work, demonstrating the potential for architectural interpretation and analysis to function as a mode of cultural criticism"--
650 0 _aArchitecture and society.
700 1 _aMitrašinović, Miodrag,
_d1965-
_eeditor.
700 1 _aDilnot, Clive,
_ewriter of afterword.
776 0 8 _iOnline version:
_aFrampton, Kenneth.
_tArchitecture and the public world
_dLondon : Bloomsbury Visual Arts, 2024
_z9781350183803
_w(DLC) 2023029743
942 _2ddc